000 00337pam a2200133 a 4500
020 _a0-273-31654-0
_c
041 _h
082 _a658.4034
_bJAR
100 _aJARDINE A.K.S.,
245 _aMAINTENANCE, REPLACEMENT AND RELIABILITY
_hTextual Documents
260 _aLONDON
_bPITMAN PUBLISHING
_c1973
300 _aXII+199
930 _a5997
999 _c125468
_d125468